000 00608nam a22002057a 4500
005 20251108170132.0
008 250721s9999 xx 000 0 ara d
082 1 4 _aط/ق/بهج
100 1 _aبهجت، أحمد
245 1 0 _aجحا و الحمار /
264 1 _aالقاهرة :
_bدار الشرق القاهرة،
_c[19-].
300 _a15ص.
490 0 _aجحا ،1
650 1 7 _aالقصص العربية
650 1 7 _aالأدب العربي
650 1 7 _aأدب الأطفال
653 _aأطفال مرحلة متوسطة ( 6 - 9 سنوات )
942 _2ddc
_cBK
999 _c40584
_d40584